GUNS GERMS AND STEEL / (Record no. 616554)

000 -LEADER
fixed length control field 00327nam a22001337a 4500
020 ## - INTERNATIONAL STANDARD BOOK NUMBER
Qualifying information PB.
040 ## - CATALOGING SOURCE
Transcribing agency FIZZA ISHAQ
082 ## - DEWEY DECIMAL CLASSIFICATION NUMBER
Classification number 303.4
Author Mark JAR
100 ## - MAIN ENTRY--PERSONAL NAME
Personal name DIAMOND,JARED.
9 (RLIN) 133603
245 ## - TITLE STATEMENT
Title GUNS GERMS AND STEEL /
Statement of responsibility, etc. JARED DIAMOND.
260 ## - PUBLICATION, DISTRIBUTION, ETC.
Place of publication, distribution, etc. NEW YORK ;
Name of publisher, distributor, etc. NORTON,
Date of publication, distribution, etc. 1999.
300 ## - PHYSICAL DESCRIPTION
Extent 494 P. ;
Dimensions 9.1X6IN
942 ## - ADDED ENTRY ELEMENTS (KOHA)
Source of classification or shelving scheme
Koha item type Book
Holdings
Withdrawn status Lost status Source of classification or shelving scheme Damaged status Not for loan Permanent Location Current Location Shelving location Date acquired Total Checkouts Full call number Barcode Date last seen Price effective from Koha item type
          NUST Baluchistan Campus (NBC) NUST Baluchistan Campus (NBC) General Stacks 03/09/2026   303.4 JAR QD-778 03/09/2026 03/09/2026 Book
© 2023 Central Library, National University of Sciences and Technology. All Rights Reserved.